In your hands / Carole Boston Weatherford ; ... Read More
Available copies
- 2 of 2 copies available at LARL/NWRL Consortium. (Show)
- 2 of 2 copies available at Lake Agassiz Regional Library.
Current holds
0 current holds with 2 total copies.
Show Only Available Copies
| Location | Call Number / Copy Notes | Barcode | Shelving Location | Status | Due Date |
|---|---|---|---|---|---|
| Detroit Lakes Public Library | E W (Text) | 33500012582193 | Main | Available | - |
| Fertile Public Library | E W (Text) | 33500012582185 | Main | Available | - |
Record details
- ISBN: 9781481462938
- ISBN: 1481462938
- Physical Description: 1 volume (unpaged) : color illustrations ; 27 cm
- Edition: First edition.
- Publisher: New York : Atheneum Books for Young Readers, an imprint of Simon & Schuster Children's Publishing Division, [2017]
- Copyright: ©2017
Content descriptions
| Summary, etc.: | "A prayer from mother to son that he will always ... Read More |
Search for related items by subject
| LDR | 02315cam a22005298i 4500 | ||
|---|---|---|---|
| 001 | 261351 | ||
| 003 | LARL_NWRL_CONSORTIUM | ||
| 005 | 20171005163801.0 | ||
| 008 | 160715t20172017nyua b 000 1 eng | ||
| 010 | . | ‡a 2016016135 | |
| 040 | . | ‡aDLC ‡beng ‡erda ‡cDLC ‡dOCLCO ‡dOCLCQ ‡dBDX ‡dBTCTA ‡dYDX ‡dORX ‡dOCLCF ‡dIEP ‡dFMG ‡dIK2 ‡dCHILD ‡dIUK ‡dT3L ‡dIGA | |
| 019 | . | ‡a973003320 ‡a973113296 ‡a973317340 ‡a973376614 ‡a973502675 ‡a973767431 ‡a973802549 | |
| 020 | . | ‡a9781481462938 ‡q(hardcover ; ‡qalk. paper) | |
| 020 | . | ‡a1481462938 ‡q(hardcover ; ‡qalk. paper) | |
| 020 | . | ‡z9781481462945 ‡q(ebook) | |
| 035 | . | ‡a(OCoLC)960195048 ‡z(OCoLC)973003320 ‡z(OCoLC)973113296 ‡z(OCoLC)973317340 ‡z(OCoLC)973376614 ‡z(OCoLC)973502675 ‡z(OCoLC)973767431 ‡z(OCoLC)973802549 | |
| 042 | . | ‡alcac ‡apcc | |
| 082 | 0 | 0. | ‡a[E] ‡223 |
| 100 | 1 | . | ‡aWeatherford, Carole Boston, ‡d1956- ‡eauthor. ‡0(LARL_NWRL_CONSORTIUM)115065 |
| 245 | 1 | 0. | ‡aIn your hands / ‡cCarole Boston Weatherford ; illustrated by Brian Pinkney. |
| 250 | . | ‡aFirst edition. | |
| 264 | 1. | ‡aNew York : ‡bAtheneum Books for Young Readers, an imprint of Simon & Schuster Children's Publishing Division, ‡c[2017] | |
| 264 | 4. | ‡c©2017 | |
| 300 | . | ‡a1 volume (unpaged) : ‡bcolor illustrations ; ‡c27 cm | |
| 336 | . | ‡atext ‡btxt ‡2rdacontent | |
| 336 | . | ‡astill image ‡2rdacontent | |
| 337 | . | ‡aunmediated ‡bn ‡2rdamedia | |
| 338 | . | ‡avolume ‡bnc ‡2rdacarrier | |
| 520 | . | ‡a"A prayer from mother to son that he will always in safe hands"-- ‡cProvided by publisher. | |
| 650 | 1. | ‡aMothers and sons ‡vFiction. ‡0(LARL_NWRL_CONSORTIUM)166024 | |
| 650 | 0. | ‡aPrayer ‡vJuvenile fiction. | |
| 650 | 0. | ‡aAfrican Americans ‡vJuvenile fiction. ‡0(LARL_NWRL_CONSORTIUM)163089 | |
| 650 | 0. | ‡aMothers and sons ‡vJuvenile fiction. | |
| 650 | 4. | ‡aPrayer ‡vFiction. ‡0(LARL_NWRL_CONSORTIUM)166933 | |
| 650 | 4. | ‡aAfrican Americans ‡vFiction. ‡0(LARL_NWRL_CONSORTIUM)163084 | |
| 650 | 4. | ‡aMothers and sons ‡vFiction. ‡0(LARL_NWRL_CONSORTIUM)166024 | |
| 650 | 7. | ‡aJUVENILE FICTION / Family. ‡2bisacsh | |
| 650 | 7. | ‡aJUVENILE FICTION / People & Places / United States / African American. ‡2bisacsh | |
| 650 | 7. | ‡aJUVENILE FICTION / Social Themes / Prejudice & Racism. ‡2bisacsh | |
| 700 | 1 | . | ‡aPinkney, J. Brian, ‡eillustrator. ‡0(LARL_NWRL_CONSORTIUM)80948 |
| 901 | . | ‡a261351 ‡bOCoLC ‡c261351 ‡tbiblio ‡soclc | |

Add to basket
Permalink
Disable Highlighting